00780 2200277 4500001002100000005001500021035002000036007000300056008004100059082001200100084001400112100002200126245011600148260004300264300003800307500002700345500001100372650001000383040001700393090001600410850001200426041000800438700001900446250001900465990001800484INLIS00000000084408520190111034202 a0010-0119000452ta190111 g 0 eng 04223a342 a342 HAL g1 aHall, Margaret E.12aa guide to naturalization law and procedure :bHow to become a citizen of the united states /cMargaret E. Hall aNew York :bOceana publications,c1953 a102 halaman :bIlustrasi ;c19 cm aTeks berbahasa Inggris aIndeks 4aHukum aYOPDYOGbind aL 342 HAL g aYOPDYOG0 aeng aAnne J. Mathes aSecond edition a36946-PD/A.08